00724cam a2200241 a 450000100060000000300080000600500170001400800410003103500140007203500110008604000270009704100080012404300120013208200250014410000250016924500420019426000470023630000610028349000260034450400590037065000270042983000260045676963BD-RjUL20211209082917.0200210s1949 enkabcf b 00110 eng d a(BD-RjUL) a703289 aANLbengdANLcBD-RjUL aeng ae-ur---0 a709.47219bRIR 19491 aRice, Tamara Talbot.10aRussian art /cby Tamara Talbot Rice. aWest Drayton, Middlesex :bPenguin,c1949. a276 p., [32] p. of plates :bill., map, ports. ;c18 cm.1 aPelican books ;vA182 aIncludes bibliographical references (p. 13) and index. 0aArt, RussianxHistory. 0aPelican book ;vA182.